000 01200nam a22002657a 4500
005 20170124103041.0
010 _aB-051102
020 _c140.00
_a8185727910
035 _aB-051102
037 _bCen Lib/Ret
040 _aDPL
_bHN
082 _a
_bकथाया
245 _aकथा यात्रा /
_cसंपादक राजेन्द्र मिश्र [और] नरेन्द्र सिंह फौजदार
246 _aKatha yatra /
_bsampadak Rajendra Mishra [aur] Narendra Singh Faujdar
260 _aनयी दिल्ली
_bतक्षशिला प्रकाशन
_c2001
270 _bनयी दिल्ली
_a23/4761, अंसारी रोड, दरिया गंज
_e110002
300 _a127पृ.
_c21सेमी (सजिल्द)
650 _aहिन्दी साहित्य
_967165
650 _aकहानियां
_967166
650 _aHindi literature
_967167
650 _aStories
_97500
700 _aमिश्र, राजेन्द्र
_967168
700 _aफौजदार, नरेन्द्र सिंह
_944709
942 _2ddc
_cHN
_h
_mकथाया
999 _c116563
_d116563